000 00637nam a2200181 a 4500
003 DO-SdBNP
005 20211015102354.0
007 ta
008 211015e2012 dr a|||fr|||| 001 0dspa d
040 _aDO-SdBNP
_bspa
_cBNPHU
082 4 _222
_bM333r
100 1 _aMarichal de la Rosa , Deirdree M.
_980238
245 _aReorganización y fortalecimiento institucional del sector energético en la República Dominicana: una propuesta. /
_cDeirdree M. Marichal de la Rosa
260 _aSanto Domingo :
_bComisión Nacional de Energía,
_c2012
300 _a122 p. :
_bil. :
_c23 cm.
590 _aInventariado 2021 / MF
942 _2ddc
_cLBS1
999 _c50757
_d50757